Eastern Utah Libraries Catalog: Duchesne, Heber, Roosevelt, & Vernal

Balder the brave / (Record no. 285546)

MARC details
000 -LEADER
fixed length control field 02489cam a2200577 i 4500
001 - CONTROL NUMBER
control field ocn829755798
003 - CONTROL NUMBER IDENTIFIER
control field OCoLC
005 - DATE AND TIME OF LATEST TRANSACTION
control field 20200320193242.0
008 - FIXED-LENGTH DATA ELEMENTS--GENERAL INFORMATION
fixed length control field 130313s2014 mnua c 6 000 1 eng
010 ## - LIBRARY OF CONGRESS CONTROL NUMBER
LC control number 2013005291
020 ## - INTERNATIONAL STANDARD BOOK NUMBER
International Standard Book Number 9781614791690 (alk. paper)
020 ## - INTERNATIONAL STANDARD BOOK NUMBER
International Standard Book Number 1614791694 (alk. paper)
035 ## - SYSTEM CONTROL NUMBER
System control number (OCoLC)829755798
040 ## - CATALOGING SOURCE
Original cataloging agency DLC
Language of cataloging eng
Description conventions rda
Transcribing agency DLC
Modifying agency BTCTA
-- WIM
-- MCANN
-- QBX
-- OCLCO
-- WACOL
042 ## - AUTHENTICATION CODE
Authentication code pcc
-- lcac
043 ## - GEOGRAPHIC AREA CODE
Geographic area code n-us---
049 ## - LOCAL HOLDINGS (OCLC)
Holding library WACL
050 00 - LIBRARY OF CONGRESS CALL NUMBER
Classification number PZ7.7.L4515
Item number Bal 2014
082 00 - DEWEY DECIMAL CLASSIFICATION NUMBER
Classification number 741.5/973
Edition number 23
092 ## - LOCALLY ASSIGNED DEWEY CALL NUMBER (OCLC)
Classification number junior fiction
Item number Lee
100 1# - MAIN ENTRY--PERSONAL NAME
Personal name Lee, Stan,
Dates associated with a name 1922-
9 (RLIN) 5710723
245 10 - TITLE STATEMENT
Title Balder the brave /
Statement of responsibility, etc writer, Stan Lee ; penciler, Jack Kirby ; inker, Vince Colletta ; colorist, Matt Milla ; letterers, Art Simek & Sam Rosen ; cover artists, Oliver Coipel, Mark Morales & Laura Martin.
250 ## - EDITION STATEMENT
Edition statement Reinforced library bound edition.
264 #1 - Production, Publication, Distribution, Manufacture, and Copyright Notice.
Place of production, publication, distribution, manufacture Minneapolis, MN :
Name of producer, publisher, distributor, manufacturer Spotlight,
Date of production, publication, distribution, manufacture, or copyr 2014.
300 ## - PHYSICAL DESCRIPTION
Extent 23 pages :
Other physical details chiefly color illustrations ;
Dimensions 27 cm.
336 ## - Content Type
Content type term text
336 ## - Content Type
Content type term still image
337 ## - Media type
Media type term unmediated
338 ## - Carrier type
Carrier type term volume
490 0# - SERIES STATEMENT
Series statement Thor, tales of Asgard ;
Volume number/sequential designation 2
500 ## - GENERAL NOTE
General note "Marvel."
500 ## - GENERAL NOTE
General note "Marvel age"--Cover.
520 ## - SUMMARY, ETC.
Summary, etc An adaptation, in graphic novel form, of comic books revealing the adventures of the Norse Gods and Thor before he came to Earth, featuring the godling Thor's attempts to prove himself to his father, Odin.
505 0# - FORMATTED CONTENTS NOTE
Title Balder the brave --
-- Trapped by the trolls --
-- Banished from Asgard --
Miscellaneous information The
Title Defeat of Odin.
521 ## - TARGET AUDIENCE NOTE
Target audience note junior fiction
Source midAmerica books
600 00 - SUBJECT ADDED ENTRY--PERSONAL NAME
Personal name Thor
Titles and other words associated with a name (Norse deity)
Form subdivision Juvenile fiction.
9 (RLIN) 5674991
650 #1 - SUBJECT ADDED ENTRY--TOPICAL TERM
Topical term or geographic name as entry element Graphic novels.
9 (RLIN) 5894522
600 01 - SUBJECT ADDED ENTRY--PERSONAL NAME
Personal name Thor
Titles and other words associated with a name (Norse deity)
Form subdivision Fiction.
9 (RLIN) 5674992
650 #1 - SUBJECT ADDED ENTRY--TOPICAL TERM
Topical term or geographic name as entry element Mythology, Norse
Form subdivision Fiction.
9 (RLIN) 5676142
655 #0 - INDEX TERM--GENRE/FORM
Genre/form data or focus term Graphic novels.
9 (RLIN) 5894523
700 1# - ADDED ENTRY--PERSONAL NAME
Personal name Kirby, Jack,
Relator term illustrator.
9 (RLIN) 4634
700 1# - ADDED ENTRY--PERSONAL NAME
Personal name Coipel, Oliver,
Relator term illustrator.
9 (RLIN) 5894524
700 1# - ADDED ENTRY--PERSONAL NAME
Personal name Morales, Mark
Titles and other words associated with a name (Comic book artist),
Relator term illustrator.
9 (RLIN) 5894525
700 1# - ADDED ENTRY--PERSONAL NAME
Personal name Martin, Laura
Titles and other words associated with a name (Comic book artist),
Relator term illustrator.
9 (RLIN) 5894526
800 1# - SERIES ADDED ENTRY--PERSONAL NAME
Personal name Lee, Stan,
Dates associated with a name 1922-
Title of a work Thor, tales of Asgard (Spotlight (Firm)) ;
Volume/sequential designation 2.
9 (RLIN) 5894527
938 ## -
-- Baker and Taylor
-- BTCP
-- BK0012911313
942 ## - ADDED ENTRY ELEMENTS (KOHA)
Koha item type BOOK
948 ## - LOCAL PROCESSING INFORMATION (OCLC); SERIES PART DESIGNATOR (RLIN)
Series part designator, SPT (RLIN) 01/09/2015
z (OCLC) Sirsi
994 ## -
-- 02
-- WACOL
996 ## -
-- 114882
-- 34301001199621
-- J
-- bk
-- wcl
-- i
-- 5
-- 16.95
-- midAmerica
-- Lee
-- 01/16/2015
-- 09/07/2018
-- 08/31/2018
Holdings
Withdrawn status Lost status Source of classification or shelving scheme Damaged status Not for loan Collection code Home library Current library Shelving location Date acquired Cost, normal purchase price Serial Enumeration / chronology Total Checkouts Total Renewals Full call number Barcode Date last seen Date checked out Cost, replacement price Price effective from Koha item type
    Dewey Decimal Classification     Junior Graphic Novels Wasatch County Library Wasatch County Library First Floor 01/16/2015 16.95 #2 10 3 J GN Lee 34301001199621 09/16/2025 08/26/2025 16.95 03/20/2020 BOOK
This project was made possible through a grant from the Institute of Museum and Library Service administered by the Utah State Library Division.

Wasatch County Library

  • 465 East 1200 South, Heber City, Utah 84032
  • Phone 435-654-1511 | Fax 435-654-6456

Hours

  • Monday - Friday 9:30 AM - 8:00 PM
  • Saturday 9:30 AM - 1:30 PM
  • Closed Sundays and Holidays